000 00621pam a2200217 i 4500
001 831911
005 20180206031935.0
008 770720s1977 nyu b 011 0 eng
010 _a 77021625
020 _a0471024058
040 _aDLC
_cDLC
_dDLC
041 _aeng
080 _a658.406
082 0 0 _a658.406 MIR
100 _a54
101 _aLID
245 0 0 _aFailures in organization development and change :
_c[edited by] Philip H. Mirvis, David N. Berg.
504 _aBibliography: p. 335-342.
906 _a7
_bcbc
_corignew
_d1
_eocip
_f19
_gy-gencatlg
942 _2ddc
_cBK
999 _c41843
_d41843